Hija del mar / (Record no. 193193)

MARC details
000 -LEADER
campo de control de longitud fija 02306nam a2200385 i 4500
001 - NÚMERO DE CONTROL
campo de control 193193
003 - IDENTIFICADOR DE NÚMERO DE CONTROL
campo de control SpMaBN
005 - FECHA Y HORA DE LA ÚLTIMA TRANSACCIÓN
campo de control 20250630060301.0
007 - CAMPO FIJO DE DESCRIPCIÓN FÍSICA--INFORMACIÓN GENERAL
campo de control de longitud fija ta
008 - DATOS DE LONGITUD FIJA--INFORMACIÓN GENERAL
campo de control de longitud fija 231002s2021 sp | |||| 000 f spa
015 ## - NÚMERO DE BIBLIOGRAFÍA NACIONAL
Número de bibliografía nacional MON21
017 ## - NÚMERO DE COPYRIGHT O DE DEPÓSITO LEGAL
Número de copyright o de depósito legal B 2617-2021
Agencia que asigna Oficina Depósito Legal Barcelona
020 ## - NÚMERO INTERNACIONAL ESTÁNDAR DEL LIBRO
Número Internacional Estándar del Libro 9788401025761
035 ## - NÚMERO DE CONTROL DEL SISTEMA
Número de control de sistema a6920101
040 ## - FUENTE DE CATALOGACIÓN
Centro catalogador/agencia de origen SpMaBN
Lengua de catalogación spa
Centro/agencia transcriptor SpMaBN
Normas de descripción rda
Centro/agencia modificador ES-MaACL
080 ## - NÚMERO DE LA CLASIFICACIÓN DECIMAL UNIVERSAL
Número de la Clasificación Decimal Universal 821.134.2-31"19"
100 1# - ENTRADA PRINCIPAL--NOMBRE DE PERSONA
Nombre de persona Vallina, Alicia,
Fechas asociadas al nombre 1976-
Término indicativo de función/relación Autor
9 (RLIN) 234272
245 10 - MENCIÓN DEL TÍTULO
Título Hija del mar /
Mención de responsabilidad, etc. Alicia Vallina
250 ## - MENCION DE EDICION
Mención de edición Primera edición: abril de 2021
264 #1 - PRODUCCIÓN, PUBLICACIÓN, DISTRIBUCIÓN, FABRICACIÓN Y COPYRIGHT
Producción, publicación, distribución, fabricación y copyright [Barcelona] :
Nombre del de productor, editor, distribuidor, fabricante Plaza Janés,
Fecha de producción, publicación, distribución, fabricación o copyright 2021
300 ## - DESCRIPCIÓN FÍSICA
Extensión 360 páginas :
Otras características físicas ilustraciones ;
Dimensiones 24 cm
336 ## - TIPO DE CONTENIDO
Término de tipo de contenido Texto
Fuente rdacontent
337 ## - TIPO DE MEDIO
Nombre/término del tipo de medio sin mediación
Fuente rdamedia
338 ## - TIPO DE SOPORTE
Nombre/término del tipo de soporte volumen
Fuente rdacarrier
520 ## - RESUMEN, ETC.
Sumario, etc. Siglo XVIII. La cordobesa Ana María de Soto huye de un matrimonio impuesto con la intención de comenzar una aventura jamás iniciada por una mujer: la de hacerse pasar por varón para alistarse en la Armada Española. Cumple, así, su sueño de recorrer el mundo y de enfrentarse a valerosos e intrépidos enemigos. En su viaje, Ana María no solo conocerá el éxtasis y el dolor del primer amor, sino también tendrá que hacer gala de toda su valentía y arrojo para sobrevivir en un mundo de hombres, donde cada paso en falso puede suponer para ella el mayor de los desastres. Durante sus aventuras en la mar, descubrirá el valor de la amistad y el honor, pero también la violencia, el miedo y la traición.<br/> <br/><br/>Una novela apasionante y emotiva que nos descubrirá a una de las heroínas más intrigantes de la historia de España. Una mujer única en su tiempo que vivió con la valentía de quien no se entrega a un destino establecido.
600 10 - PUNTO DE ACCESO ADICIONAL DE MATERIA--NOMBRE DE PERSONA
9 (RLIN) 234333
Nombre de persona Soto Alhama, Ana María Antonia de,
Fechas asociadas al nombre 1775-1833
655 #7 - TERMINO DE INDIZACIÓN--GENERO/FORMA
Datos o término principal de género/forma Novelas históricas
Fuente del término tgfbne
9 (RLIN) 226782
852 ## - LOCALIZACIÓN
Ubicación ES_MaACL
Sublocalización o colección R.154601
itemnumber 200572
Número de control de estantería N-9360
Ubicación en estantería Depósito J
Encuadernación Encuadernación cartoné con sobrecubiertas
Donativo/Legado Donación: Alicia Vallina
903 ## - NOMBRE PERSONAL DE DONANTE
a Vallina, Alicia,
d 1976-
e Donante
9 234272
942 ## - ELEMENTOS DE ENTRADA SECUNDARIOS (KOHA)
Suprimir en OPAC No
Tipo de ítem Koha Libro impreso
Holdings
Estatus retirado Estado de pérdida Fuente del sistema de clasificación o colocación Especificación de materiales (volumen encuadernado u otra parte) Estado de daño No para préstamo Biblioteca de origen Biblioteca actual Ubicación en estantería Fecha de adquisición Fuente de adquisición Número de control de estantería Total de préstamos Signatura topográfica completa Código de barras Visto por última vez Tipo de ítem Koha
    Clasificación decimal universal Enc. cartoné     Biblioteca del Ateneo de Madrid Biblioteca del Ateneo de Madrid Depósito J 02/10/2023 Donación Ateneísta   N-9360 101205867 02/10/2023 Libro impreso